000 00294nam a22001337a 4500
008 170419b xxu||||| |||| 00| 0 eng d
020 _a0140510036
041 _aeng
080 _a573
100 _a11
101 _aSHM
245 _aA DICTIONARY OF BIOLOGY
_cABERCROMBIE, M
942 _2udc
_cBK
999 _c11162
_d11162